| 000 | 00861nam a2200277 4500 | ||
|---|---|---|---|
| 003 | OSt | ||
| 005 | 20260601171015.0 | ||
| 008 | 260507b2010\\\\mx\|||||\||||\00|\0\spa\d | ||
| 020 | _a978899553086 | ||
| 020 | _a9783899553086 | ||
| 020 | _a389955308X | ||
| 035 | _aMX001001266305 | ||
| 040 |
_aICI _bspa _cICI _erda |
||
| 041 | _aspa | ||
| 050 |
_aN6888 _bN53 2010 |
||
| 100 |
_aNicolai, Carsten, _d1965-, _eautor |
||
| 245 | 1 |
_aMoiré index / _cCarstein Nicolai |
|
| 246 | 3 |
_aCarstein Nicolai : _bmoiré index |
|
| 300 |
_a224 páginas : _b hojas (algunas a color) |
||
| 600 | 1 |
_aNicolai, Carsten, _d 1965- _vExposiciones _933813 |
|
| 650 |
_aMétodo de Moiré _vExposiciones _933814 |
||
| 650 |
_aRedes de difracción _vExposiciones _933815 |
||
| 651 |
_aArte óptico _vExposiciones _933816 |
||
| 942 |
_2lcc _cB _n1 |
||
| 999 |
_c20662 _d20662 |
||